[Event "Zirndorf-ch"]
[Site "Zirndorf"]
[Date "2005.12.02"]
[Round "5"]
[White "Kirchner, Gerhard"]
[Black "Szatala, Erich"]
[Result "1-0"]
[WhiteElo "1485"]
[BlackElo "1433"]
[PlyCount "57"]
[EventDate "2005.10.14"]
[EventType "swiss"]
[EventRounds "7"]
[EventCountry "GER"]
[SourceTitle "EXT 2007"]
[Source "ChessBase"]
[SourceDate "2006.11.23"]
[SourceVersion "1"]
[SourceVersionDate "2006.11.23"]
[SourceQuality "1"]

1. e4 e5 2. Bc4 Nf6 3. d3 d6 4. Nf3 h6 5. h3 Nc6 6. c3 a6 7. Qb3 Qe7 8. Bd5 Nd8 9. Qc2 c6 10. Bb3 b5 11. Be3 c5 12. a4 Bb7 13. Nbd2 Nc6 14. axb5 axb5 15. 0-0 Qc7 16. Rxa8+ Bxa8 17. Ra1 Qb7 18. Nf1 Be7 19. Ng3 0-0 20. Qd2 b4 21. Bxh6 gxh6 22. Qxh6 Nh7 23. Nh5 Bf6 24. Nxf6+ Nxf6 25. Qxf6 Qe7 26. Qxe7 Nxe7 27. Ra7 Ng6 28. cxb4 cxb4 29. Rd7 1-0

[Event "Mittelfranken Mitte-ch 0304"]
[Site "Zirndorf"]
[Date "2004.??.??"]
[Round "4"]
[White "Szatala, Erich"]
[Black "Dreiseitel, Werner"]
[Result "1-0"]
[WhiteElo "1412"]
[BlackElo "1231"]
[PlyCount "89"]
[EventDate "2004.01.02"]
[EventType "swiss"]
[EventRounds "7"]
[EventCountry "GER"]
[SourceTitle "EXT 2015"]
[Source "ChessBase"]
[SourceDate "2014.11.20"]
[SourceVersion "1"]
[SourceVersionDate "2014.11.20"]
[SourceQuality "1"]

1. e4 e6 2. d4 d5 3. e5 Be7 4. Qg4 g6 5. h4 h5 6. Qg3 b6 7. Bg5 Bb7 8. Qe3 Nc6 9. Bb5 Qd7 10. Nf3 f6 11. exf6 Nxf6 12. Ne5 Qd6 13. Qc3 Ne4 14. Bxe7 Kxe7 15. Nxc6+ Kf8 16. Qb4 Qxb4+ 17. Nxb4 Kg7 18. Bc6 Bxc6 19. Nxc6 Raf8 20. f3 Ng3 21. Rh3 Nf5 22. Ke2 a5 23. Nc3 Rf7 24. Nb5 Rc8 25. c3 Nd6 26. a4 Nc4 27. b3 Nd6 28. Rf1 Rcf8 29. Ne5 Re7 30. Kd3 Nf5 31. g4 Nh6 32. gxh5 gxh5 33. Rg1+ Kh7 34. Rg5 Nf5 35. Rxh5+ Kg7 36. Rg5+ Kh6 37. Rh1 Rg7 38. Rxg7 Nxg7 39. Nxc7 Rf4 40. Ke3 Rf8 41. Nb5 Nf5+ 42. Kf2 Kh5 43. Na3 Nxh4 44. Rxh4+ Kxh4 45. Ng6+ 1-0

[Event "Mittelfranken Mitte-ch 0304"]
[Site "Zirndorf"]
[Date "2004.??.??"]
[Round "2"]
[White "Szatala, Erich"]
[Black "Nuesslein, Christian"]
[Result "1/2-1/2"]
[WhiteElo "1412"]
[BlackElo "1627"]
[PlyCount "145"]
[EventDate "2004.01.02"]
[EventType "swiss"]
[EventRounds "7"]
[EventCountry "GER"]
[SourceTitle "EXT 2015"]
[Source "ChessBase"]
[SourceDate "2014.11.20"]
[SourceVersion "1"]
[SourceVersionDate "2014.11.20"]
[SourceQuality "1"]

1. e4 c5 2. Nf3 e6 3. d4 cxd4 4. Nxd4 Nf6 5. Nc3 Bb4 6. Bd3 Nc6 7. Nxc6 bxc6 8. Bd2 Qb6 9. 0-0 Qb8 10. Qe2 d5 11. exd5 cxd5 12. a3 Be7 13. b3 a6 14. Rfe1 Bb7 15. f3 Bd6 16. g3 g6 17. Be3 0-0 18. Bf2 Nd7 19. f4 Be7 20. Bd4 Bf6 21. Be5 Qa7+ 22. Kg2 d4+ 23. Ne4 Bxe5 24. fxe5 Nxe5 25. Kg1 Nxd3 26. Qxd3 Bxe4 27. Rxe4 Rfd8 28. Kf1 Rac8 29. Rd1 Rc3 30. Qe2 Qc5 31. b4 Qb5 32. Qxb5 axb5 33. Rexd4 Rxd4 34. Rxd4 Rxc2 35. Rd8+ Kg7 36. Kg1 Rc3 37. Rb8 Rxa3 38. Rxb5 Kf6 39. g4 h6 40. Kg2 Rd3 41. h4 Rd7 42. Kf3 Ke7 43. Ke4 Kd6 44. Rc5 Rb7 45. Rc4 Rb5 46. Rd4+ Kc6 47. Rc4+ Kb6 48. Kd4 Rd5+ 49. Kc3 Rd1 50. Kc2 Rg1 51. Rf4 f5 52. gxf5 exf5 53. Rd4 Kb5 54. h5 gxh5 55. Rd5+ Kxb4 56. Rxf5 Rg5 57. Rf6 Kc4 58. Rxh6 Rg2+ 59. Kd1 Kd3 60. Rd6+ Ke3 61. Re6+ Kf4 62. Ke1 h4 63. Rh6 Kg3 64. Kf1 Rb2 65. Rg6+ Kf3 66. Rf6+ Kg4 67. Rg6+ Kh5 68. Rg2 Rb1+ 69. Kf2 h3 70. Rg1 Rb3 71. Rg8 Kh4 72. Rh8+ Kg4 73. Rg8+ 1/2-1/2

[Event "Mittelfranken Mitte-ch 0203"]
[Site "Zirndorf"]
[Date "2002.??.??"]
[Round "3"]
[White "Klein, Markus1111"]
[Black "Szatala, Erich"]
[Result "1-0"]
[WhiteElo "1515"]
[BlackElo "1422"]
[PlyCount "67"]
[EventDate "2003.09.20"]
[EventType "swiss"]
[EventRounds "7"]
[EventCountry "GER"]
[SourceTitle "EXT 2015"]
[Source "ChessBase"]
[SourceDate "2014.11.20"]
[SourceVersion "1"]
[SourceVersionDate "2014.11.20"]
[SourceQuality "1"]

1. d4 d5 2. Nf3 Nc6 3. c4 e6 4. Nc3 Nf6 5. Bg5 Be7 6. e3 h6 7. Bh4 dxc4 8. Bxc4 Nd5 9. Bg3 a6 10. a4 Bb4 11. Qc2 Nxc3 12. bxc3 Be7 13. 0-0 h5 14. h3 Bf6 15. Rfd1 g5 16. d5 exd5 17. Bxd5 Qe7 18. Bxc6+ bxc6 19. Rab1 g4 20. hxg4 hxg4 21. Nd4 Bxd4 22. cxd4 Rh6 23. Qc5 Re6 24. Qxe7+ Rxe7 25. Rdc1 Kd7 26. d5 cxd5 27. Rxc7+ Kd8 28. Rc5 Be6 29. Bh4 Rc8 30. Bxe7+ Kxe7 31. Rb7+ Ke8 32. Rxc8+ Bxc8 33. Ra7 Kf8 34. Ra8 1-0

[Event "Mittelfranken-ch Seniors 51st"]
[Site "Zirndorf"]
[Date "2002.??.??"]
[Round "6"]
[White "Mager, Adolf"]
[Black "Szatala, Erich"]
[Result "1-0"]
[WhiteElo "1551"]
[BlackElo "1517"]
[PlyCount "99"]
[EventDate "2002.03.??"]
[EventType "swiss"]
[EventRounds "7"]
[EventCountry "GER"]
[SourceTitle "EXT 2006"]
[Source "ChessBase"]
[SourceDate "2005.11.24"]
[SourceVersion "1"]
[SourceVersionDate "2005.11.24"]
[SourceQuality "1"]

1. Nf3 Nf6 2. g3 d5 3. Bg2 Nc6 4. 0-0 e5 5. d3 Bg4 6. Nbd2 Qd7 7. e4 d4 8. a3 h5 9. Qe1 Bxf3 10. Nxf3 Be7 11. b4 a6 12. Bd2 Nh7 13. h3 g5 14. Nh2 g4 15. h4 Rg8 16. a4 a5 17. bxa5 Nxa5 18. Bxa5 b6 19. Bb4 Rxa4 20. Bxe7 Rxa1 21. Qxa1 Qxe7 22. Qa4+ Qd7 23. Ra1 Ke7 24. Qxd7+ Kxd7 25. Nf1 b5 26. Kh2 b4 27. Nd2 Rg6 28. Ra5 Rc6 29. Nc4 f6 30. Rb5 Kc8 31. Rxb4 Ra6 32. Rb1 Ra2 33. Rc1 Kd7 34. Bf1 Kc6 35. Be2 Kc5 36. f3 Kb4 37. fxg4 Kc3 38. gxh5 Rxc2 39. Rxc2+ Kxc2 40. g4 Kc3 41. Kg2 Nf8 42. g5 fxg5 43. hxg5 Ne6 44. g6 Nf4+ 45. Kf1 Nxd3 46. Bxd3 Kxd3 47. Nxe5+ Kxe4 48. g7 Kxe5 49. g8Q Ke4 50. h6 1-0

[Event "Mittelfranken Mitte-ch 0203"]
[Site "Zirndorf"]
[Date "2002.??.??"]
[Round "1"]
[White "Szatala, Erich"]
[Black "Corral, Carlos"]
[Result "0-1"]
[WhiteElo "1422"]
[BlackElo "1829"]
[PlyCount "60"]
[EventDate "2003.09.20"]
[EventType "swiss"]
[EventRounds "7"]
[EventCountry "GER"]
[SourceTitle "EXT 2015"]
[Source "ChessBase"]
[SourceDate "2014.11.20"]
[SourceVersion "1"]
[SourceVersionDate "2014.11.20"]
[SourceQuality "1"]

1. e4 c5 2. Nf3 Nc6 3. d4 cxd4 4. Nxd4 g6 5. Be3 Nf6 6. Nc3 Bg7 7. Be2 0-0 8. 0-0 d5 9. exd5 Nxd5 10. Nxc6 bxc6 11. Nxd5 cxd5 12. Bd4 e5 13. Bc5 Re8 14. Ba3 Rb8 15. Qd2 Be6 16. Bb5 Rxb5 17. Qd3 Rb8 18. Qa6 Qb6 19. Qxb6 axb6 20. Rfe1 e4 21. c3 f5 22. f3 Ra8 23. fxe4 dxe4 24. Rad1 Bxa2 25. Rd6 Bf8 26. Rxb6 Rxa3 27. bxa3 Bc5+ 28. Kh1 Bxb6 29. Re2 Rd8 30. Rxa2 Rd1# 0-1